|
|
|
|
| LEADER |
00000nam0a2200000 4500 |
| 001 |
176102 |
| 005 |
20231101223246.0 |
| 010 |
|
|
|a 9785948362168
|
| 035 |
|
|
|a (RuTPU)RU\TPU\book\190926
|
| 090 |
|
|
|a 176102
|
| 100 |
|
|
|a 20100224d2009 m y0rusy50 ca
|
| 101 |
1 |
|
|a rus
|c eng
|
| 102 |
|
|
|a RU
|
| 105 |
|
|
|a a j 001zy
|
| 200 |
1 |
|
|a Анализ алгоритмов. Активный обучающий подход
|e учебное пособие
|e пер. с англ.
|f Д. Д. Макконнелл
|
| 205 |
|
|
|a 3-е изд., доп.
|
| 210 |
|
|
|a Москва
|c Техносфера
|d 2009
|
| 215 |
|
|
|a 416 с.
|c ил.
|
| 225 |
1 |
|
|a Мир программирования
|
| 320 |
|
|
|a Библиогр.: с. 408-412.
|
| 320 |
|
|
|a Предметный указатель: с. 413-415.
|
| 330 |
|
|
|a В книге обсуждаются алгоритмы решения наиболее распространенных классов задач: поиск и сортировка, численные алгоритмы и алгоритмы на графах. Особое внимание уделено алгоритмам параллельной обработки, редко освещаемым в литературе на русском языке. Второе оригинальное издание дополнено материалом о конечных и магазинных автоматах, контекстно-свободных грамматиках и машине Тьюринга. Новая глава о рекурсивных алгоритмах содержит обсуждение аппроксимации порядка роста рекуррентных соотношений.Изложение неформальное и чрезвычайно подробное, с большим количеством упражнений, позволяющих вести самоконтроль. Книга нужна всем, кому приходится самостоятельно писать программы — от студентов до программистов банковских систем и научных работников.
|
| 606 |
1 |
|
|a Алгоритмы составления программ
|2 stltpush
|3 (RuTPU)RU\TPU\subj\69508
|9 84343
|
| 610 |
1 |
|
|a рекурсивные алгоритмы
|
| 610 |
1 |
|
|a выборка
|
| 610 |
1 |
|
|a сортировка
|
| 610 |
1 |
|
|a численные алгоритмы
|
| 610 |
1 |
|
|a формальные языки
|
| 610 |
1 |
|
|a алгоритмы на графах
|
| 610 |
1 |
|
|a параллельные алгоритмы
|
| 610 |
1 |
|
|a машина Тьюринга
|
| 610 |
1 |
|
|a практические задачи
|
| 610 |
1 |
|
|a вероятностные алгоритмы
|
| 610 |
1 |
|
|a динамическое программирование
|
| 610 |
1 |
|
|a псевдослучайные числа
|
| 610 |
1 |
|
|a генерирование
|
| 610 |
1 |
|
|a учебные пособия
|
| 675 |
|
|
|a 681.3.06(075.8)
|v 3
|
| 700 |
|
1 |
|a Макконнелл
|b Д. Д.
|g Джеффри Дж.
|
| 801 |
|
1 |
|a RU
|b 63413507
|c 20100224
|
| 801 |
|
2 |
|a RU
|b 63413507
|c 20160115
|g RCR
|
| 942 |
|
|
|c BK
|
| 959 |
|
|
|a 5/20100224
|d 2
|e 420,00
|f АНЛ:1
|f ЧЗТЛ:1
|